000 00705nam a2200289Ia 4500
005 20260324132508.0
008 008 260324s9999 xx 000 0 eng d
020 _a9781315864600
037 _aEBOOK
040 _aCRL
040 _beng
040 _cCRL
041 _2eng
041 _aeng
084 _qCRL
100 _aChristopher Newell
_91189501
245 0 _aVoices in Disability and Spirituality from the Land Down Under
245 0 _bOutback to Outfront
260 _bTaylor and Francis
260 _c2004
365 _a
365 _b230
856 _uhttp://www.taylorfrancis.com/books/9781315864600
942 _cEBOOK
999 _c1787660
_d1787660